Countries by Historical Figures #4 - Statistics

General Stats
  • This quiz has been taken 1,187 times
  • The average score is 15 of 20
Answer Stats
Hint Answer % Correct
Thomas Jefferson, Helen Keller United States
98%
Salvador Dali, Hernán Cortés Spain
97%
Sigmund Freud, Wolfgang Mozart Austria
96%
Confucius, Deng Xiaoping China
96%
Socrates, Pythagoras Greece
96%
Dmitri Mendeleev, Grigori Rasputin Russia
95%
Juan Domingo Perón Sosa, Diego Maradona Argentina
90%
Moses, Mohamed Al-Fayed Egypt
87%
Lê Đức Thọ, Ngô Đình Diệm Vietnam
87%
Desiderius Erasmus, Rembrandt Netherlands
83%
Slobodan Milošević, Constantine the Great Serbia
80%
Desmond Tutu, King Shaka South Africa
76%
Hannibal, Aisha Al-Manoubya Tunisia
70%
Edvard Munch, Harald Hardrada Norway
67%
Frédéric Chopin, Rosa Luxemburg Poland
66%
Gabriel Garcia Marquez, Griselda Blanco Colombia
63%
Jose Rizal, Manuel L. Quezon Philippines
51%
Mehmed II, Hayreddin Barbarossa Turkey
51%
Tamerlane, Babur Uzbekistan
29%
Bachir Gemayel, Fakhr al-Din II Lebanon
27%
No matching quizzes found
Score Distribution
Percent of People with Each Score
Percentile by Number Answered
Your Score History
You have not taken this quiz